[Event "Caioba Telecom op"]
[Site "Caioba"]
[Date "2017.10.01"]
[Round "7"]
[White "Dos Anjos, Diovana Ferreira"]
[Black "Da Cunha, Pedro Lisboa"]
[Result "1/2-1/2"]
[WhiteElo "1663"]
[BlackElo "1481"]
[PlyCount "49"]
[EventDate "2017.09.28"]
[EventType "swiss"]
[EventRounds "8"]
[EventCountry "BRA"]
[SourceTitle "EXT 2020"]
[Source "ChessBase"]
[SourceDate "2019.10.17"]
[SourceVersion "1"]
[SourceVersionDate "2019.10.17"]
[SourceQuality "1"]

1. b4 Nf6 2. Bb2 e5 3. a3 Be7 4. e3 0-0 5. Nf3 c5 6. b5 d5 7. c4 a6 8. a4 dxc4 9. Bxc4 axb5 10. axb5 Rxa1 11. Bxa1 Nbd7 12. Nc3 Nb6 13. Ba2 Nfd5 14. 0-0 Bd7 15. Qe2 Qc7 16. Rc1 Nb4 17. Bb2 N4d5 18. Nxd5 Nxd5 19. d4 c4 20. Qc2 f5 21. Qxc4 Qxc4 22. Rxc4 Bxb5 23. Rc1 Ba3 24. Re1 Bb4 25. Rc1 1/2-1/2

[Event "Caioba Telecom op"]
[Site "Caioba"]
[Date "2017.09.30"]
[Round "5"]
[White "Ribas, Luana Fraresso"]
[Black "Da Cunha, Pedro Lisboa"]
[Result "0-1"]
[WhiteElo "1121"]
[BlackElo "1481"]
[PlyCount "129"]
[EventDate "2017.09.28"]
[EventType "swiss"]
[EventRounds "8"]
[EventCountry "BRA"]
[SourceTitle "EXT 2018"]
[Source "ChessBase"]
[SourceDate "2017.10.13"]
[SourceVersion "1"]
[SourceVersionDate "2017.10.13"]
[SourceQuality "1"]

1. Nf3 Nf6 2. g3 g6 3. Bg2 Bg7 4. 0-0 0-0 5. d3 Nc6 6. Nbd2 e5 7. e4 d6 8. Qe2 Bd7 9. c3 Re8 10. a4 a5 11. Nc4 Qc8 12. Bd2 Bg4 13. Rae1 Be6 14. Rd1 Bxc4 15. dxc4 Nd7 16. Bh3 Qd8 17. Bg2 Nc5 18. Ra1 Qd7 19. Qd1 Nxe4 20. Re1 Nxd2 21. Qxd2 Qe6 22. Qe2 Ra6 23. Rad1 Raa8 24. Rb1 Rab8 25. b3 h6 26. Rbc1 Ne7 27. Rcd1 Nf5 28. Rf1 e4 29. Nd4 Bxd4 30. cxd4 e3 31. Rfe1 Nxd4 32. Qxe3 Qxe3 33. fxe3 Nxb3 34. Rf1 Nc5 35. Bd5 Rf8 36. Rde1 c6 37. Bg2 Rbe8 38. Re2 Nxa4 39. Ra2 Nc5 40. Rxa5 Rxe3 41. Kf2 Re5 42. Ra7 Nd3+ 43. Kf3 Ne1+ 44. Kf2 Nxg2 45. Kxg2 b5 46. cxb5 Rxb5 47. Rc7 Rb6 48. h4 h5 49. Kh3 d5 50. Rd7 Kg7 51. Ra7 Rb3 52. Rfa1 d4 53. Rc1 Rc3 54. Rd1 d3 55. Kg2 c5 56. Kf3 c4 57. Ke4 Rc2 58. Kd4 d2 59. Ke3 c3 60. Ke2 Rc1 61. Rg1 Rxg1 62. Kd3 d1Q+ 63. Kxc3 Rxg3+ 64. Kc4 Qd3+ 65. Kc5 0-1

[Event "BRA-ch U16"]
[Site "Itajai"]
[Date "2017.06.04"]
[Round "6"]
[White "Yoshioka, Hugo"]
[Black "Da Cunha, Pedro Lisboa"]
[Result "1-0"]
[WhiteElo "1579"]
[BlackElo "1495"]
[PlyCount "123"]
[EventDate "2017.06.01"]
[EventType "swiss"]
[EventRounds "6"]
[EventCountry "BRA"]
[SourceTitle "CBM 179 Extra"]
[Source "ChessBase"]
[SourceDate "2017.08.23"]
[SourceVersion "1"]
[SourceVersionDate "2017.08.23"]
[SourceQuality "1"]

1. d4 Nf6 2. c4 g6 3. Nf3 Bg7 4. Nc3 0-0 5. Bg5 d6 6. e3 h6 7. Bh4 Nbd7 8. Be2 c5 9. 0-0 Nh7 10. h3 Bf6 11. Bxf6 Nhxf6 12. Qc2 e6 13. Rfd1 Qe7 14. a3 b6 15. d5 exd5 16. Nxd5 Nxd5 17. Rxd5 Nf6 18. Rdd1 Bf5 19. Bd3 Bxd3 20. Qxd3 Rad8 21. Qb3 Qb7 22. Rac1 Rd7 23. Qc3 Ne4 24. Qc2 d5 25. cxd5 Rxd5 26. Rxd5 Qxd5 27. Rd1 Qe6 28. Rd3 Nd6 29. b3 Rc8 30. Nd2 Nb5 31. a4 Nd6 32. Nc4 Nxc4 33. Qxc4 Qxc4 34. bxc4 Rc7 35. Kf1 Kg7 36. Rd6 Re7 37. Ke2 Kf8 38. Rc6 Rd7 39. a5 Rb7 40. axb6 axb6 41. Kd3 Ke7 42. Ke4 Kd7 43. Kd5 b5 44. Rxc5 b4 45. Ra5 Ke7 46. Ra2 Rd7+ 47. Kc5 b3 48. Rb2 Rb7 49. Kd4 Ra7 50. Kc3 Kd6 51. Kxb3 Kc5 52. Rc2 Rb7+ 53. Kc3 Rb4 54. Kd3 Rb3+ 55. Ke4 Rb4 56. g4 Rxc4+ 57. Rxc4+ Kxc4 58. Ke5 Kd3 59. Kf6 Ke2 60. Kxf7 Kxf2 61. Kxg6 Kxe3 62. Kxh6 1-0

[Event "BRA-ch U16"]
[Site "Itajai"]
[Date "2017.06.01"]
[Round "1"]
[White "Da Cunha, Pedro Lisboa"]
[Black "Moraes Silva, Carlos Alessandro"]
[Result "0-1"]
[WhiteElo "1495"]
[BlackElo "1963"]
[PlyCount "96"]
[EventDate "2017.06.01"]
[EventType "swiss"]
[EventRounds "6"]
[EventCountry "BRA"]
[SourceTitle "CBM 179 Extra"]
[Source "ChessBase"]
[SourceDate "2017.08.23"]
[SourceVersion "1"]
[SourceVersionDate "2017.08.23"]
[SourceQuality "1"]

1. d4 Nf6 2. Bf4 g6 3. Nf3 Bg7 4. c4 d6 5. Nc3 0-0 6. h3 c6 7. e4 Qa5 8. Bd2 Qc7 9. Bf4 Nbd7 10. e5 Nh5 11. exd6 exd6 12. Bh2 Nb6 13. Be2 Qe7 14. 0-0 Nf6 15. c5 dxc5 16. dxc5 Rd8 17. Bd6 Qe6 18. Re1 Nbd5 19. Nxd5 Qxd5 20. Qxd5 Nxd5 21. Bc4 Bf8 22. Bxd5 cxd5 23. Bxf8 Kxf8 24. Rad1 Bf5 25. Nd4 Bd7 26. Re5 Bc6 27. Rd3 Re8 28. Nxc6 bxc6 29. Ree3 Rxe3 30. fxe3 Rb8 31. Rb3 Rxb3 32. axb3 a5 33. Kf2 Ke7 34. Kf3 Ke6 35. Kf4 f6 36. h4 h6 37. g4 g5+ 38. hxg5 hxg5+ 39. Kg3 Ke5 40. Kf3 f5 41. b4 axb4 42. b3 fxg4+ 43. Kxg4 Ke4 44. Kxg5 Kxe3 45. Kf6 d4 46. Ke6 d3 47. Kd6 d2 48. Kxc6 d1Q 0-1

[Event "Curitiba IEP&Copel op"]
[Site "Curitiba"]
[Date "2017.05.13"]
[Round "3"]
[White "Chiaretto, Emannuele Christine"]
[Black "Da Cunha, Pedro Lisboa"]
[Result "0-1"]
[WhiteElo "1800"]
[BlackElo "1507"]
[PlyCount "21"]
[EventDate "2017.05.12"]
[EventType "swiss"]
[EventRounds "6"]
[EventCountry "BRA"]
[SourceTitle "CBM 178 Extra"]
[Source "ChessBase"]
[SourceDate "2017.06.22"]
[SourceVersion "1"]
[SourceVersionDate "2017.06.22"]
[SourceQuality "1"]

1. e4 e5 2. Nf3 Nc6 3. Bb5 Bc5 4. 0-0 d6 5. d4 exd4 6. c3 dxc3 7. Bxc6+ bxc6 8. Bg5 f6 9. Bf4 cxb2 10. h4 bxa1Q 11. Re1 0-1

[Event "Curitiba IEP&Copel op"]
[Site "Curitiba"]
[Date "2017.05.12"]
[Round "1"]
[White "Lukachewski Junior, Wanderlei"]
[Black "Da Cunha, Pedro Lisboa"]
[Result "1-0"]
[WhiteElo "2053"]
[BlackElo "1507"]
[PlyCount "59"]
[EventDate "2017.05.12"]
[EventType "swiss"]
[EventRounds "6"]
[EventCountry "BRA"]
[SourceTitle "CBM 178 Extra"]
[Source "ChessBase"]
[SourceDate "2017.06.22"]
[SourceVersion "1"]
[SourceVersionDate "2017.06.22"]
[SourceQuality "1"]

1. d4 Nf6 2. c4 g6 3. g3 Bg7 4. Bg2 0-0 5. Nc3 d6 6. Nf3 c5 7. e3 e6 8. 0-0 Nc6 9. b3 d5 10. Ba3 b6 11. Ne5 Nxe5 12. dxe5 Ne4 13. Nxe4 dxe4 14. Bxe4 Rb8 15. Qxd8 Rxd8 16. Rad1 Ba6 17. f4 Rbc8 18. Bf3 b5 19. Rxd8+ Rxd8 20. Rd1 Rc8 21. Rd6 b4 22. Bb2 Bb7 23. Bxb7 Rb8 24. Rd7 Bh6 25. Kf2 g5 26. Kf3 gxf4 27. exf4 Kg7 28. g4 Kg8 29. Bc1 Bg7 30. Be3 1-0

[Event "Parana-ch"]
[Site "Pirai do Sul"]
[Date "2017.02.01"]
[Round "1"]
[White "Da Cunha, Pedro Lisboa"]
[Black "Nunes, Sidney Jr"]
[Result "1/2-1/2"]
[WhiteElo "1370"]
[BlackElo "2077"]
[PlyCount "79"]
[EventDate "2017.02.01"]
[EventType "swiss"]
[EventRounds "8"]
[EventCountry "BRA"]
[SourceTitle "CBM 176 Extra"]
[Source "ChessBase"]
[SourceDate "2017.03.02"]
[SourceVersion "1"]
[SourceVersionDate "2017.03.02"]
[SourceQuality "1"]

1. Nf3 Nf6 2. c4 e6 3. d4 b6 4. g3 Bb7 5. Bg2 Be7 6. Nc3 d5 7. cxd5 exd5 8. 0-0 0-0 9. Re1 Nbd7 10. Ne5 c6 11. Nxd7 Qxd7 12. a3 Rfe8 13. f3 c5 14. e3 Rac8 15. dxc5 Bxc5 16. Na4 Bd6 17. Nc3 Be5 18. Qd3 d4 19. exd4 Qxd4+ 20. Re3 Qxd3 21. Rxd3 Ba6 22. Rd1 Bxc3 23. bxc3 Rxc3 24. Bb2 Rc2 25. Rab1 h6 26. Bd4 Bc4 27. Bxf6 gxf6 28. Rd4 b5 29. Rg4+ Kf8 30. Rf4 Ree2 31. Bf1 Rxh2 32. Bxc4 bxc4 33. Rxc4 Rcg2+ 34. Kf1 Rxg3 35. Rb8+ Kg7 36. Rcc8 Rxf3+ 37. Kg1 Rh5 38. Rg8+ Kh7 39. Rh8+ Kg6 40. Rhg8+ 1/2-1/2

[Event "Curitiba Parana-ch"]
[Site "Curitiba"]
[Date "2016.01.27"]
[Round "2"]
[White "Da Cunha, Pedro Lisboa"]
[Black "Oliveira, Claudinei Gois"]
[Result "0-1"]
[WhiteElo "1800"]
[BlackElo "1717"]
[PlyCount "106"]
[EventDate "2016.01.26"]
[EventType "swiss"]
[EventRounds "8"]
[EventCountry "BRA"]
[SourceTitle "CBM 170 Extra"]
[Source "ChessBase"]
[SourceDate "2016.02.25"]
[SourceVersion "1"]
[SourceVersionDate "2016.02.25"]
[SourceQuality "1"]

1. e4 c6 2. Nf3 d5 3. Nc3 dxe4 4. Nxe4 Bf5 5. d3 e6 6. Bf4 Nf6 7. Nxf6+ Qxf6 8. Be5 Qd8 9. g3 Nd7 10. Bc3 Nf6 11. Bg2 Bd6 12. 0-0 Qc7 13. Qd2 0-0 14. Bxf6 gxf6 15. Qh6 Bg6 16. Nd2 Rfe8 17. Ne4 Bxe4 18. Bxe4 f5 19. Bf3 Bf8 20. Qf6 Bg7 21. Qg5 h6 22. Qh5 Bxb2 23. Rab1 Bg7 24. Kh1 Rad8 25. Rb4 b6 26. Rf4 c5 27. Rg1 Qe5 28. Rh4 Rd4 29. Rxd4 cxd4 30. g4 fxg4 31. Qxe5 Bxe5 32. Rxg4+ Bg7 33. Bc6 Rc8 34. Ba4 Rc5 35. Bb3 b5 36. a4 bxa4 37. Bxa4 Ra5 38. Bb3 Ra1+ 39. Kg2 a5 40. Rh4 a4 41. Bc4 Rb1 42. Rh5 e5 43. Rf5 Rb7 44. Ba6 Rc7 45. Bb5 a3 46. Bc4 Rxc4 47. dxc4 a2 48. c5 a1Q 49. c6 Qc3 50. c7 Qxc7 51. Rf3 Qxc2 52. Ra3 d3 53. Ra8+ Kh7 0-1